Geografické rozloženie denných študentov v univerzitných mestách na Slovensku a ich koncentrácia (HHI)

Geografické rozloženie denných študentov na Slovensku, vzťah medzi rastom počtu študentov a Herfindahl-Hirschmanov-ým indexom (HHI). Koncentrácia veľkého počtu študentov na jednom mieste vedie k významnej zmene v kultúrnej, sociálnej a ekonomickej oblasti. Univerzitné mestá na Slovensku - malé, stre...

Full description

Saved in:
Bibliographic Details
Main Author: Sekelský, Lukáš
Format: Book Chapter
Language:Slovak
Subjects:
Tags: Add Tag
No Tags, Be the first to tag this record!

MARC

LEADER 00000nla a2200000 4500
001 0193906
005 20240502073239.9
041 0 |a slo 
044 |a SK 
245 1 0 |a Geografické rozloženie denných študentov v univerzitných mestách na Slovensku a ich koncentrácia (HHI)  |c Lukáš Sekelský 
520 |a Geografické rozloženie denných študentov na Slovensku, vzťah medzi rastom počtu študentov a Herfindahl-Hirschmanov-ým indexom (HHI). Koncentrácia veľkého počtu študentov na jednom mieste vedie k významnej zmene v kultúrnej, sociálnej a ekonomickej oblasti. Univerzitné mestá na Slovensku - malé, stredné a veľké. Vplyv univerzity na mesto. 
610 2 0 |a študenti 
610 2 0 |a univerzity 
610 2 0 |a mestá 
610 2 0 |a geografia 
610 2 0 |a indexy 
610 2 0 |a Slovensko 
100 1 |a Sekelský, Lukáš